[Event "Corumba Nunes de Caceres Memorial"]
[Site "Corumba"]
[Date "2015.10.21"]
[Round "11.2"]
[White "Caceres, Joao Victor Nunes D"]
[Black "De Morais, Gerson Das Neves"]
[Result "1-0"]
[WhiteElo "1769"]
[BlackElo "1800"]
[PlyCount "65"]
[EventDate "2015.10.16"]
[EventType "tourn"]
[EventRounds "11"]
[EventCountry "BRA"]
[SourceTitle "EXT 2022"]
[Source "ChessBase"]
[SourceDate "2021.10.06"]
[SourceVersion "1"]
[SourceVersionDate "2021.10.06"]
[SourceQuality "1"]

1. e4 c5 2. Nc3 g6 3. g3 Bg7 4. Bg2 Nc6 5. Nge2 Rb8 6. 0-0 b5 7. a3 e6 8. b4 a5 9. Rb1 axb4 10. axb4 cxb4 11. Na2 Qa5 12. Bb2 e5 13. Nac1 Qb6 14. Nb3 Nge7 15. d4 d6 16. Qd2 0-0 17. d5 Na5 18. Nxa5 Qxa5 19. Ra1 Qc7 20. Qxb4 f5 21. Nc3 fxe4 22. Nxe4 Rb6 23. Qb3 Bf5 24. Bc3 Bxe4 25. Bxe4 Qd7 26. Ra5 Nf5 27. Rfa1 Rb7 28. Ra8 Rc7 29. Rxf8+ Bxf8 30. Ra8 Rc4 31. Bd3 Rc5 32. Qa3 Rxd5 33. Rxf8+ 1-0

[Event "Corumba Nunes de Caceres Memorial"]
[Site "Corumba"]
[Date "2015.10.17"]
[Round "3.4"]
[White "De Morais, Gerson Das Neves"]
[Black "Marinho, Felipe Clemente"]
[Result "1-0"]
[WhiteElo "1800"]
[BlackElo "1800"]
[PlyCount "60"]
[EventDate "2015.10.16"]
[EventType "tourn"]
[EventRounds "11"]
[EventCountry "BRA"]
[SourceTitle "EXT 2022"]
[Source "ChessBase"]
[SourceDate "2021.10.06"]
[SourceVersion "1"]
[SourceVersionDate "2021.10.06"]
[SourceQuality "1"]

1. d4 e6 2. e4 Bb4+ 3. Bd2 Be7 4. Nc3 Nc6 5. Qg4 Nf6 6. Qf4 0-0 7. Nb5 Nxd4 8. Nxd4 c5 9. Nb5 Qb6 10. 0-0-0 a6 11. Nc7 Rb8 12. Nf3 Bd8 13. Nxe6 dxe6 14. Qxb8 Bd7 15. e5 Ne4 16. Bc4 Nxf2 17. Ng5 Bxg5 18. Qd6 Qd8 19. Rhf1 Nxd1 20. Rxd1 Be7 21. Qd3 Bb5 22. Qe4 Qd4 23. Bd3 Bxd3 24. Qxd3 Qxe5 25. Rh1 Rd8 26. Qf1 f5 27. Bc3 Qd5 28. h3 Bd6 29. g4 g6 30. gxf5 Kf7 1-0

[Event "Corumba Nunes de Caceres Memorial"]
[Site "Corumba"]
[Date "2015.10.17"]
[Round "5.3"]
[White "De Morais, Gerson Das Neves"]
[Black "Souza Arruda, Gabriel"]
[Result "0-1"]
[WhiteElo "1800"]
[BlackElo "1800"]
[PlyCount "26"]
[EventDate "2015.10.16"]
[EventType "tourn"]
[EventRounds "11"]
[EventCountry "BRA"]
[SourceTitle "EXT 2022"]
[Source "ChessBase"]
[SourceDate "2021.10.06"]
[SourceVersion "1"]
[SourceVersionDate "2021.10.06"]
[SourceQuality "1"]

1. e4 c5 2. d4 cxd4 3. Qxd4 Nc6 4. Qc3 e6 5. Nf3 Bb4 6. Qxb4 Nxb4 7. Na3 Qa5 8. Bd2 Nf6 9. Nc4 Qc5 10. b3 Nxc2+ 11. Ke2 Nxa1 12. b4 Qxc4+ 13. Ke3 Qxe4# 0-1

[Event "Corumba Nunes de Caceres Memorial"]
[Site "Corumba"]
[Date "2015.10.16"]
[Round "1.5"]
[White "De Morais, Gerson Das Neves"]
[Black "Da Silva, Leticia Vila"]
[Result "0-1"]
[WhiteElo "1800"]
[BlackElo "1800"]
[PlyCount "62"]
[EventDate "2015.10.16"]
[EventType "tourn"]
[EventRounds "11"]
[EventCountry "BRA"]
[SourceTitle "EXT 2022"]
[Source "ChessBase"]
[SourceDate "2021.10.06"]
[SourceVersion "1"]
[SourceVersionDate "2021.10.06"]
[SourceQuality "1"]

1. d4 d5 2. Nc3 Nf6 3. Nf3 g6 4. Qd3 Bg7 5. Bf4 b6 6. Nb5 Na6 7. 0-0-0 0-0 8. e3 c6 9. Nc3 Ng4 10. Be2 Nxf2 11. Qd2 Nxh1 12. Rxh1 e6 13. Ng5 c5 14. dxc5 bxc5 15. Nb5 e5 16. Bg3 Qxg5 17. Bf3 d4 18. Bxa8 dxe3 19. Qd5 Nb4 20. Qxc5 Nxa2+ 21. Kb1 a6 22. Nd6 Be6 23. Bd5 e2 24. Kxa2 e4 25. h4 Qxg3 26. Qc3 Bxc3 27. Nxe4 Bxd5+ 28. Kb1 Bxe4 29. bxc3 Qxc3 30. g4 Rb8+ 31. Kc1 Qxc2# 0-1